000 00358nam a2200133Ia 4500
008 240624s9999 xx 000 0 und d
041 _aeng
082 _a005.54 FAI
100 _aFAIRHURST DANIELLE STEIN
245 _aUSING EXCEL FOR BUSINESS ANALYSIS A GUID
260 _c2012
_aNew Delhi
_bWiley
300 _axii, : 324 : p. : cm. ; 23
365 _cRS
_b31
999 _c23061
_d23061